Primera parte de la historia natural y moral de las aves
Saved in:
| Hovedforfatter: | |
|---|---|
| Format: | Bog |
| Sprog: | spansk |
| Udgivet: |
ICONA
1989
|
| Fag: | |
| Tags: |
Tilføj Tag
Ingen Tags, Vær først til at tagge denne postø!
|
MARC
| LEADER | 00000nam a2200000 a 4500 | ||
|---|---|---|---|
| 001 | UCK9162 | ||
| 003 | CL-VaPUC | ||
| 008 | 060421e19890000SP |||||||||||||||||spa|d | ||
| 020 | |a 8485496337 | ||
| 082 | 0 | 4 | |a 598 |b MAR |2 21 |
| 100 | |a Marcuello, Francisco |e autor |9 498882 | ||
| 245 | 1 | 0 | |a Primera parte de la historia natural y moral de las aves |
| 300 | |a 261 p | ||
| 942 | |c BK | ||
| 945 | |d 20060421 00:00:00 |a cmena | ||
| 260 | |b ICONA |c 1989 | ||
| 500 | |a Edición facsimilar de original: | ||
| 500 | |a Impresa en el año 1617 | ||
| 650 | 0 | |a Aves |9 262192 | |
| 650 | 0 | |a Ornitología |9 269493 | |
| 650 | 0 | |a Investigación científica |9 259857 | |
| 650 | 0 | |a Teología |9 258766 | |
| 650 | 0 | |a Moral |9 265913 | |
| 583 | |a last modification |c 20111003 04:34:17 |k Rodrigo Vera | ||
| 999 | |c 316438 |d 316436 | ||
| 952 | |0 0 |1 0 |4 0 |6 598_000000000000000_MAR_1989 |7 0 |8 F |9 390812 |a BIBING |b BIBING |d 2019-11-22 |i 4030443 |o 598 MAR 1989 |p 4030443 |r 2025-01-20 |w 2019-11-22 |y BK_F |k GEO | ||